| 000 | 02529nam a2200613 i 4500 | ||
|---|---|---|---|
| 001 | 52270 | ||
| 003 | KOSZ 005 | ||
| 005 | 20220408075545.0 | ||
| 008 | 060201s2005 pl a f f |001 0 pol | ||
| 015 | _aPB 2006/2030 | ||
| 020 | _a8301144696 | ||
| 020 | _a830114470X | ||
| 035 | _a991029420439705066 | ||
| 035 | _a(PL-WaBN)b17947650-48omnis_nlop | ||
| 035 | _ab17947650 | ||
| 035 | _a(OCoLC)830754498 | ||
| 035 | _a(PL)b0000001794765 | ||
| 035 | _a(EXLNZ-48OMNIS_NETWORK)9910410955205606 | ||
| 040 |
_aWA N _cWA N _dKOSZ 005/HR |
||
| 041 | 1 |
_apol _heng |
|
| 046 | _k2004 | ||
| 080 | _a576.32/.36 | ||
| 080 | _a(075.8) | ||
| 245 | 0 | 0 |
_aPodstawy biologii komórki. _nCz. 2 / _cBruce Alberts [et al. ; zespół tł. Jacek Augustyniak et al.]. |
| 246 | 1 |
_iTyt. oryg.: _aEssential cell biology, _f2004 |
|
| 250 |
_aWyd. 2 zm. / _bprzekł. zbiorowy pod red. Hanny Kmity i Przemysława Wojtaszka ; [weryfikacja i tł. nowych tekstów Mirosława Dabert et al.]. |
||
| 260 |
_aWarszawa : _bWydawnictwo Naukowe PWN, _c2005. |
||
| 300 |
_a450 s. wiele liczb. : _bil. (w tym kolor.) ; _c28 cm + _edysk optyczny (CD-ROM). |
||
| 336 |
_2rdacontent _aTekst _btxt |
||
| 337 |
_2rdamedia _aBez urządzenia pośredniczącego _bn |
||
| 337 |
_2rdamedia _aKomputer _bc |
||
| 338 |
_2rdacarrier _aWolumon _bnc |
||
| 338 |
_2rdacarrier _aDysk komputerowy _bcd |
||
| 380 | _aKsiążki | ||
| 380 | _aPublikacje dydaktyczne | ||
| 385 |
_mPoziom nauczania _aSzkoły wyższe |
||
| 388 | _a2001- | ||
| 500 | _aNa okł.: Nowe wyd. Filmy, animacje i modele komputerowe na płycie CD. | ||
| 504 | _aIndeks. | ||
| 521 | 8 | _aPodręcznik akademicki dla studentów biologii, biotechnologii, bioinformatyki, medycyny i różnych działów nauk rolniczych; dla początkujących pracowników nauki w tych dziedzinach, a także dla uczniów szkół średnich i in. | |
| 650 | 7 |
_aKomórka (biologia) _2DBN |
|
| 655 | 7 |
_aPodręczniki akademickie _2DBN |
|
| 658 | _aBiologia | ||
| 650 | 7 |
_aBiologia molekularna _2DBN |
|
| 700 | 1 |
_aAlberts, Bruce _d(1938- ) _eAutor |
|
| 700 | 1 |
_aKmita, Hanna _eRedakcja |
|
| 700 | 1 |
_aWojtaszek, Przemysław _d(1962- ) _eRedakcja |
|
| 710 | 2 |
_aWydawnictwo Naukowe PWN _4pbl |
|
| 700 | 1 |
_aAugustyniak, Jacek _d(1932-2000) _eTłumaczenie |
|
| 700 | 1 |
_aDabert, Mirosława _eTłumaczenie |
|
| 856 |
_uhttp://koha.tu.koszalin.pl/cgi-bin/koha/opac-detail.pl?biblionumber=52270 _yKatalog online BPK |
||
| 942 |
_2UKD _cKS |
||
| 999 |
_c52270 _d52270 |
||